| 000 | 00830nam a2200217 4500 | ||
|---|---|---|---|
| 001 | 113586 | ||
| 003 | DR-UNIBE | ||
| 005 | 20250509101515.0 | ||
| 008 | 250509b2000 es ||||| |||| 00| 0 spa d | ||
| 040 |
_aBIBLIOTECA UNIBE _cBIBLIOTECA UNIBE _bspa _erda |
||
| 041 | _aspa | ||
| 082 |
_222 _a347.012 R426L |
||
| 110 | 1 | 0 |
_aRepública de El Salvador. Leyes, decretos, etc _9194874 |
| 245 | 1 | 4 | _aLey del Consejo Nacional de la Judicatura y su reglamento / |
| 250 | _aPrimera edición | ||
| 260 |
_aSan Salvador: _b Editorial Jurídica Salvadoreña, _c2000 |
||
| 300 |
_a81 páginas : _c21 x 15 cm |
||
| 505 | _aLey del Consejo Nacional de la Judicatura | Reglamento de la Ley del Consejo Nacional de la Judicatura | Índice | ||
| 651 |
_aEl Salvador _vLegislación _xConsejo Nacional de la Judicatura _9195142 |
||
| 942 |
_2ddc _cBK |
||
| 999 |
_c113586 _d113586 |
||